[Event "Solingen-ch"]
[Site "Solingen"]
[Date "2014.10.10"]
[Round "3"]
[White "Kniest, Oliver"]
[Black "Grah, Ulrich"]
[Result "1-0"]
[WhiteElo "2302"]
[BlackElo "1979"]
[PlyCount "39"]
[EventDate "2014.09.12"]
[EventType "swiss"]
[EventRounds "7"]
[EventCountry "GER"]
[SourceTitle "EXT 2016"]
[Source "ChessBase"]
[SourceDate "2015.10.08"]
[SourceVersion "1"]
[SourceVersionDate "2015.10.08"]
[SourceQuality "1"]

1. d4 Nf6 2. c4 g6 3. Nc3 Bg7 4. e4 d6 5. f3 0-0 6. Be3 Nc6 7. Nge2 a6 8. Qd2 Rb8 9. Rc1 e5 10. d5 Ne7 11. g4 Bxg4 12. fxg4 Nxg4 13. Ng3 f5 14. exf5 Nxf5 15. Bg5 Qe8 16. Bh3 Nxg3 17. hxg3 Rf2 18. Qd1 Rh2 19. Rxh2 Nxh2 20. Qe2 1-0

[Event "Solingen-ch"]
[Site "Solingen"]
[Date "2014.09.12"]
[Round "1"]
[White "Barche, Uwe"]
[Black "Grah, Ulrich"]
[Result "0-1"]
[WhiteElo "1467"]
[BlackElo "1979"]
[PlyCount "76"]
[EventDate "2014.09.12"]
[EventType "swiss"]
[EventRounds "7"]
[EventCountry "GER"]
[SourceTitle "EXT 2016"]
[Source "ChessBase"]
[SourceDate "2015.10.08"]
[SourceVersion "1"]
[SourceVersionDate "2015.10.08"]
[SourceQuality "1"]

1. c4 g6 2. g3 Bg7 3. Bg2 d6 4. Nf3 e5 5. Nc3 Nc6 6. 0-0 Nge7 7. e4 h6 8. a3 a5 9. d3 Be6 10. Rb1 Qd7 11. b3 Bg4 12. Qd2 Bxf3 13. Bxf3 Nd4 14. Bg2 0-0 15. Ne2 Nec6 16. Qd1 Nxe2+ 17. Qxe2 Nd4 18. Qd1 c5 19. Be3 Nc6 20. Qd2 Kh7 21. f4 exf4 22. Bxf4 g5 23. Be3 Rae8 24. Kh1 Qe7 25. Bf3 Qe6 26. Kg2 g4 27. Be2 f5 28. Rf2 fxe4 29. Rbf1 Rxf2+ 30. Rxf2 Kh8 31. Bxg4 Qxg4 32. Bxh6 exd3 33. Bxg7+ Kxg7 34. Qxd3 Qe4+ 35. Qxe4 Rxe4 36. h4 Nd4 37. Kh3 Nxb3 38. Rb2 a4 0-1

[Event "Solingen-ch"]
[Site "Solingen"]
[Date "2013.11.08"]
[Round "5"]
[White "Grah, Ulrich"]
[Black "Boschek, Hans Joachim"]
[Result "0-1"]
[WhiteElo "1809"]
[BlackElo "1921"]
[PlyCount "69"]
[EventDate "2013.09.13"]
[EventType "swiss"]
[EventRounds "7"]
[EventCountry "GER"]
[SourceTitle "EXT 2015"]
[Source "ChessBase"]
[SourceDate "2014.11.20"]
[SourceVersion "1"]
[SourceVersionDate "2014.11.20"]
[SourceQuality "1"]

1. e4 c5 2. Nf3 e6 3. d4 cxd4 4. Nxd4 Nc6 5. Nc3 a6 6. f4 Qc7 7. Be2 b5 8. Nxc6 Qxc6 9. Bf3 Bb7 10. e5 Qb6 11. Bxb7 Qxb7 12. Qe2 f5 13. 0-0 Bc5+ 14. Be3 Bxe3+ 15. Qxe3 Qa7 16. Kf2 Qxe3+ 17. Kxe3 Rc8 18. a3 Ne7 19. Rfd1 Rc6 20. Rd2 Nc8 21. Ne2 Nb6 22. b3 Ke7 23. g3 Nd5+ 24. Kf2 Rhc8 25. Nd4 R6c7 26. Nxf5+ exf5 27. Rxd5 Rxc2+ 28. Kg1 Rc1+ 29. Rxc1 Rxc1+ 30. Kg2 Ra1 31. a4 bxa4 32. Ra5 Ra2+ 33. Kh3 axb3 34. Rc5 b2 35. Rc2 0-1